| 000 | 00376nam a2200157Ia 4500 | ||
|---|---|---|---|
| 003 | IT-RoPAU | ||
| 008 | 120407s9999 xx 000 0 und d | ||
| 040 | _aIT-RoPAU | ||
| 040 | _cIT-RoPAU | ||
| 100 | _aG. B. Vallarino | ||
| 245 | _aLa Madre di Gesù- Conferenze e letture per il mese di Maggio | ||
| 260 | _aFederico Pustet | ||
| 300 | _c cm | ||
| 490 | _v1 | ||
| 942 | _cBK | ||
| 999 |
_c6146 _d6146 |
||